000 00379nam a2200109Ia 4500
008 160909s9999 xx 000 0 und d
100 _aFloyd, Howard Kelly.
245 4 _aThe effects of a self-monitoring practice in a middle school setting
260 _bThe University of Alabama
_c2016
650 _aEDUC/SPED
856 _uhttp://pqdtopen.proquest.com/doc/1798843739.html?FMT=ABS
999 _c305007
_d305007